Sports Quiz

Random Sports or NHL Quiz
Score 0/125 Timer 15:00
0 Plays Today
Season Player % Correct
1966-67 (2x), 1964-65, 1960-61, 1958-59, 1957-58Henri Richard
95.4%
1957-58 (2x), 1956-57, 1955-56 (2x), 1954-55 (3x), 1953-54 (2x), 1952-53, 1951-52, 1950-51 (3x), 1948-49, 1947-48 (3x), 1946-47 (4x), 1944-45 (5x), 1943-44 (5x)Maurice Richard
94.3%
2016-17 (2x), 2013-14 (3x), 2011-12Max Pacioretty
92%
1982-83, 1978-79 (2x), 1977-78 (3x), 1976-77 (3x), 1975-76, 1974-75 (4x), 1971-72 (3x)Guy Lafleur
92%
1970-71, 1968-69 (2x), 1967-68 (4x), 1963-64, 1960-61 (2x), 1958-59 (4x), 1957-58, 1956-57, 1955-56 (2x), 1952-53Jean Beliveau
89.7%
1975-76, 1974-75, 1973-74 (3x), 1972-73, 1971-72 (2x), 1968-69 (2x), 1966-67Yvan Cournoyer
89.7%
1985-86Larry Robinson
88.5%
1997-98 (2x), 1996-97, 1993-94 (2x), 1992-93 (2x)Vincent Damphousse
87.4%
1962-63, 1960-61 (3x), 1959-60 (2x), 1958-59 (2x), 1957-58, 1956-57, 1955-56, 1954-55 (2x), 1953-54, 1952-53, 1951-52 (2x)Bernard Geoffrion
86.2%
1980-81, 1979-80 (2x), 1978-79, 1977-78, 1976-77 (2x), 1975-76 (2x), 1974-75Steve Shutt
85.1%
1978-79 (2x), 1977-78, 1973-74, 1972-73, 1971-72, 1970-71, 1969-70Jacques Lemaire
83.9%
2002-03Saku Koivu
81.6%
1933-34, 1929-30 (3x), 1928-29, 1927-28 (5x), 1925-26 (2x), 1924-25Howie Morenz
81.6%
1991-92Denis Savard
79.3%
1960-61, 1957-58, 1956-57, 1951-52 (2x)Dickie Moore
78.2%
1987-88Bob Gainey
78.2%
1974-75Guy Lapointe
77%
1993-94, 1982-83Guy Carbonneau
77%
1918-19, 1917-18 (7x)Joe Malone
75.9%
1974-75, 1970-71Pete Mahovlich
75.9%
1973-74, 1971-72 (2x)Frank Mahovlich
75.9%
1988-89 (2x), 1986-87, 1984-85 (2x)Mats Naslund
75.9%
1997-98, 1996-97Mark Recchi
74.7%
1967-68Gilles Tremblay
74.7%
2010-11P.K. Subban
73.6%
1984-85, 1981-82, 1980-81Mario Tremblay
73.6%
1990-91, 1989-90 (2x), 1987-88 (2x), 1985-86Stephane Richer
73.6%
1986-87 (2x)Bobby Smith
73.6%
1995-96, 1994-95Pierre Turgeon
73.6%
2014-15Alex Galchenyuk
73.6%
2007-08Tomas Plekanec
72.4%
1991-92 (2x)Kirk Muller
71.3%
1921-22, 1920-21 (3x), 1919-20 (5x), 1918-19 (5x), 1917-18 (3x)Newsy Lalonde
66.7%
1932-33, 1929-30 (2x), 1927-28 (2x), 1925-26, 1924-25 (4x), 1922-23Aurele Joliat
65.5%
1968-69, 1967-68, 1965-66, 1963-64Bobby Rousseau
64.4%
1946-47, 1945-46 (2x), 1942-43, 1938-39, 1937-38 (2x)Toe Blake
63.2%
1992-93Eric Desjardins
63.2%
1947-48 (2x)Elmer Lach
62.1%
1992-93Brian Bellows
62.1%
1980-81 (3x), 1979-80 (2x)Pierre Larouche
60.9%
1988-89Claude Lemieux
60.9%
1988-89 (2x)Shayne Corson
60.9%
Season Player % Correct
1979-80, 1977-78, 1972-73Rejean Houle
57.5%
1962-63, 1961-62Claude Provost
56.3%
1991-92Stephan Lebeau
55.2%
2009-10 (2x)Mike Cammalleri
54%
2003-04Sheldon Souray
54%
2011-12Lars Eller
52.9%
2006-07, 2005-06Michael Ryder
52.9%
1981-82, 1978-79 (2x)Pierre Mondou
52.9%
1996-97, 1995-96Martin Rucinsky
51.7%
1980-81 (2x)Mark Napier
51.7%
1982-83Ryan Walter
51.7%
2009-10, 2008-09Andrei Kostitsyn
48.3%
1990-91, 1986-87, 1985-86, 1984-85Mike McPhee
48.3%
2011-12Erik Cole
47.1%
2001-02Yanic Perreault
46%
2001-02, 2000-01, 1999-00 (2x), 1997-98, 1996-97, 1995-96Brian Savage
46%
1922-23, 1921-22 (3x), 1919-20 (2x), 1918-19 (2x)Odie Cleghorn
46%
1921-22Sprague Cleghorn
46%
1969-70, 1967-68, 1965-66, 1964-65Ralph Backstrom
46%
1981-82, 1976-77Doug Risebrough
44.8%
1953-54Bert Olmstead
43.7%
1966-67John Ferguson
43.7%
1971-72, 1970-71Marc Tardif
43.7%
2005-06Jan Bulis
42.5%
1919-20 (2x), 1918-19, 1917-18 (3x)Didier Pitre
42.5%
1989-90Russ Courtnall
42.5%
1981-82Doug Jarvis
41.4%
2001-02, 1993-94Oleg Petrov
39.1%
1937-38, 1936-37Georges Mantha
39.1%
1981-82 (2x)Keith Acton
39.1%
1991-92Gilbert Dionne
39.1%
1920-21Cully Wilson
36.8%
2008-09Chris Higgins
34.5%
1967-68 (2x), 1965-66Dick Duff
34.5%
1973-74 (2x), 1966-67Claude Larose
34.5%
1982-83Doug Wickenheiser
34.5%
1986-87, 1985-86Kjell Dahlin
34.5%
2008-09Robert Lang
31%
1924-25 (2x), 1922-23 (2x), 1921-22 (2x)Billy Boucher
31%
2008-09Maxim Lapierre
29.9%
1992-93Paul DiPietro
29.9%
1917-18Joe Hall
27.6%
Season Player % Correct
2000-01Dainius Zubrus
27.6%
1997-98Vladimir Malakhov
26.4%
1993-94Lyle Odelein
25.3%
2013-14Thomas Vanek
24.1%
1960-61Don Marshall
24.1%
2013-14Rene Bourque
24.1%
1999-00Trevor Linden
23%
1931-32 (2x)Johnny Gagnon
23%
1944-45, 1943-44Buddy O'Connor
23%
1953-54, 1948-49, 1944-45Ken Mosdell
23%
2015-16Dale Weise
21.8%
1959-60, 1957-58Marcel Bonin
20.7%
1959-60 (2x), 1957-58Phil Goyette
20.7%
1951-52Floyd Curry
18.4%
1991-92Brent Gilchrist
17.2%
1917-18Jack McDonald
16.1%
1933-34, 1931-32, 1929-30 (2x)Alfred Pit Lepine
16.1%
1959-60Ab McDonald
16.1%
1987-88Sergio Momesso
16.1%
1927-28Art Gagne
13.8%
1946-47 (3x)Billy Reay
13.8%
1943-44, 1942-43Ray Getliffe
11.5%
1943-44Phil Watson
11.5%
1919-20 (2x)Harry Cameron
10.3%
1942-43, 1941-42, 1940-41Joe Benoit
10.3%
1942-43Gordie Drillon
10.3%
1919-20 (2x), 1917-18Bert Corbeau
9.2%
1970-71Phil Roberto
9.2%
1933-34, 1929-30Wildor Larochelle
8%
1970-71Bobby Sheehan
8%
1944-45Fern Gauthier
6.9%
1949-50Leo Gravelle
6.9%
1921-22Louis Berlinguette
5.7%
1943-44Gerry Heffernan
5.7%
1951-52Paul Meger
5.7%
1978-79Pat Hughes
5.7%
1931-32, 1929-30Nick Wasnie
4.6%
1942-43Alex Smart
4.6%
1948-49Gerry Plamondon
4.6%
1951-52Dick Gamble
4.6%
1953-54Calum MacKay
4.6%
Remove Ads.
Support Sporcle.
Get the best of Sporcle when you Go Orange. This ad-free experience offers more features, more stats, and more fun while also helping to support Sporcle. Thank you for becoming a member.

You're not logged in!

Compare scores with friends on all Sporcle quizzes.
OR
Log In

Show Comments

Extras

Top Quizzes Today


Score Distribution

Your Account Isn't Verified!

In order to create a playlist on Sporcle, you need to verify the email address you used during registration. Go to your Sporcle Settings to finish the process.

Report this User

Report this user for behavior that violates our Community Guidelines.

Details: